| 000 | 00367cam a2200133 a 4500 | ||
|---|---|---|---|
| 082 | 0 | 0 |
_a674.144 _bPHI _cL-24, P-2 |
| 100 |
_aE.w.j, phillips _945116 |
||
| 245 | 0 | 4 |
_aIdentification of softwoods _bPhillips, E.W.J |
| 260 |
_aLondon: _cc1948. |
||
| 300 |
_a55p. : _bill. ; _c 28 cm. |
||
| 526 |
_a0 _b0 _c0 _d674_144000000000000_PHI |
||
| 650 | 0 |
_aMCE _9379 |
|
| 942 |
_2ddc _cBK |
||
| 999 |
_c548710 _d548710 |
||